Banking: (Record no. 194956)

MARC details
000 -LEADER
fixed length control field 00581nam a22001817a 4500
005 - DATE AND TIME OF LATEST TRANSACTION
control field 20230202161440.0
010 ## - LCCN (DPL NO)
LC control number ENG-136108
020 ## - INTERNATIONAL STANDARD BOOK NUMBER
International Standard Book Number 9789380530291
Terms of availability 100.00
035 ## - SYSTEM CONTROL NUMBER
System control number EN-119640
037 ## - SOURCE OF ACQUISITION
Source of stock number/acquisition DBAD/PUB
082 ## - DEWEY DECIMAL CLASSIFICATION NUMBER
Classification number 332.1023768
100 ## - MAIN ENTRY--PERSONAL NAME
Personal name Murugan, R.
245 ## - TITLE STATEMENT
Title Banking:
Statement of responsibility, etc R. Murugan, K. Singaravelu and S. Murugaian
260 ## - PUBLICATION, DISTRIBUTION, ETC. (IMPRINT)
Place of publication, distribution, etc New Delhi
Name of publisher, distributor, etc Markazi Maktaba Islami Publishers
Date of publication, distribution, etc 2016
270 ## - ADDRESS
Address D-307, Dawat Nagar, Abul Fazl Enclave, Jamia Nagar, Okhla
City New Delhi
Postal code 110025
300 ## - PHYSICAL DESCRIPTION
Extent 192p.
Dimensions 22cm(pbk)
942 ## - ADDED ENTRY ELEMENTS (KOHA)
Source of classification or shelving scheme Dewey Decimal Classification
Item type English Books
Classification part 332.102
Call number suffix SID

No items available.


© Delhi Public Library
Hit Counter
free hit counter